Luật quản lý ngoại thương

Uloženo v:
Podrobná bibliografie
Médium: Sách
Jazyk:Undetermined
Vydáno:  Chính trị Quốc gia  2017
Témata:
Tagy: Přidat tag
Žádné tagy, Buďte první, kdo otaguje tento záznam!
Thư viện lưu trữ: Trung tâm Thư viện - Trường Đại học Công nghiệp TP. Hồ Chí Minh
LEADER 00459nam a2200133Ia 4500
001 UIH_02873
008 231011s9999 xx 000 0 und d
082 |a  343.59708 
245 0 |a  Luật quản lý ngoại thương 
260 |b  Chính trị Quốc gia 
260 |c  2017 
650 |a  Ngoại thương; Văn bản pháp luật;  
927 |a Sách 
980 |a Trung tâm Thư viện - Trường Đại học Công nghiệp TP. Hồ Chí Minh